00515 2200205 4500001002100000005001700021006001900038008004100057020001800098035002500116041000700141082001000148090001400158100002300172245003300195260003700228300002600265990000900291990000900300INLIS00000000000304020140226172142.0a ||| | 180719| ||| | id  a979-9542-20-0 a0010-031300000003040 aid0 a636.6 a636.6 - p0 aRedaksi Agro Media00aPuyuh Si Kecil Penuh Potensi aJakartabAgromedia Pustakac2004 aviii, 56 hal, 23.5 cm a2534 a2535